Encuentro Red Latinoamericana de Convivencia Escolar / Carmen Cubero Venegas
| Autore principale: | |
|---|---|
| Natura: | Libro |
| Lingua: | spagnolo |
| Pubblicazione: |
San José, Costa Rica :
INIE,
2011
|
| Soggetti: |
MARC
| LEADER | 00000nam a2200000Ia 4500 | ||
|---|---|---|---|
| 008 | 180612b2011 cr ||||| |||| 00| | spa d | ||
| 999 | |c 1932 |d 1932 | ||
| 090 | |a 06.04.08 |b 2066 | ||
| 100 | |a Cubero Venegas, Carmen María |9 708 | ||
| 245 | 1 | 0 | |a Encuentro Red Latinoamericana de Convivencia Escolar / Carmen Cubero Venegas |
| 260 | |a San José, Costa Rica : |b INIE, |c 2011 | ||
| 300 | |a 100 páginas | ||
| 500 | |a Informe final del proyecto ED-2782 | ||
| 650 | 1 | 4 | |a DISCIPLINA ESCOLAR |9 709 |
| 650 | 1 | 4 | |a CONVIVENCIA ESCOLAR |9 691 |
| 942 | |i 003565 |h 06.04.08 2066 |2 z |c 04 | ||
